El espíritu de serrallo /
Texto sobre las maneras que asume la sexualidad en la zona del Magreb, tanto en términos de lo permitido moralmente, como el uso del velo por parte de la mujer y el mantenimiento de la virginidad femenina hasta el matrimonio; como del lugar social que se adjudica a las prácticas sexuales que van con...
Guardat en:
| Autor principal: | |
|---|---|
| Format: | Llibre |
| Idioma: | espanyol |
| Publicat: |
Barcelona, España :
Bellaterra,
1997, c1997
|
| Col·lecció: | (Biblioteca del Islam Contemporáneo. Temas)
|
| Matèries: | |
| Etiquetes: |
Sense etiquetes, Sigues el primer a etiquetar aquest registre!
|
MARC
| LEADER | 00000nam^a2200000^a^4500 | ||
|---|---|---|---|
| 001 | 000146477 | ||
| 005 | 20250521000000.0 | ||
| 009 | 20260310095911.791 | ||
| 020 | |a 84-7290-084-3 | ||
| 037 | |a Acervo ITESO - Biblioteca | ||
| 041 | |a ESP | ||
| 082 | |a 909. 097671 |b BIB TEM V. 2 | ||
| 100 | |a Chebel, Malek |e (autor) | ||
| 245 | 1 | 3 | |a El espíritu de serrallo / |c M. Chebel ; tr. por Juan Vivanco. |
| 246 | 2 | |a Título en la cubierta: El espíritu de serrallo: estructuras y variaciones de la sexualidad magrebí | |
| 264 | 4 | |a Barcelona, España : |b Bellaterra, |c 1997, c1997 | |
| 300 | |a 239 p. | ||
| 336 | |a texto |b txt |2 rdacontenido | ||
| 337 | |a sin mediación |b n |2 rdamedio | ||
| 338 | |a volumen |b nc |2 rdasoporte | ||
| 440 | 1 | |a (Biblioteca del Islam Contemporáneo. |p Temas) | |
| 500 | |a Traducción de: L'ésprit de sérait | ||
| 520 | |a Texto sobre las maneras que asume la sexualidad en la zona del Magreb, tanto en términos de lo permitido moralmente, como el uso del velo por parte de la mujer y el mantenimiento de la virginidad femenina hasta el matrimonio; como del lugar social que se adjudica a las prácticas sexuales que van contra la norma, como la homosexualidad y la androginia. En el caso del velo hay que decir que, contra el abordaje común del feminismo, aquí es estudiado como elemento central de los juegos de seducción. | ||
| 649 | |a XX | ||
| 650 | |a Arabes - |x Condiciones Sociales y Culturales | ||
| 650 | |a Islamismo | ||
| 650 | |a Sexualidad | ||
| 650 | |a Erotismo | ||
| 650 | |a Palabras Obscenas | ||
| 650 | |a Velo | ||
| 650 | |a Vestido | ||
| 650 | |a Discriminación de Género | ||
| 650 | |a Patriarcado | ||
| 650 | |a Género | ||
| 650 | |a Feminismo | ||
| 650 | |a Identidad Cultural | ||
| 650 | |a Prácticas Culturales | ||
| 650 | |a Literatura Arabe - |x Historia y Crítica | ||
| 650 | |a Literatura Erótica - |x Historia y Crítica | ||
| 650 | |a Secularización | ||
| 650 | |a Fundamentalismo Religioso | ||
| 650 | |a Sociolingüística | ||
| 650 | |a Sociología de la Cultura | ||
| 650 | |a Antropología Cultural | ||
| 650 | |a Magreb - |x Condiciones Sociales y Culturales | ||
| 910 | |a Fondo General | ||
| 920 | |a Impresos - Libros | ||
| 930 | |a Colección General | ||
| 905 | |a 101 | ||
| 901 | |a 0500075840 |b IT1 |c ACC |u 20250521 | ||
| 902 | |a https://opac.biblio.iteso.mx/vufind/Record/000146477 | ||